Doriana: Annali del Museo Cívico di Storia Naturale "G. Doria" (Registro nro. 16857)

Detalles MARC
000 -CABECERA
Campo de control 00283as aa2200097a 44500
090 ## - CLASIFICACIÓN LOCAL
Colección SERIADAS
Consecutivo 01087
041 0# - IDIOMA
Código de idioma para texto/pista de sonido o título separado
245 10 - MENCION DE TITULO
Título Doriana: Annali del Museo Cívico di Storia Naturale "G. Doria"
260 ## - PUBLICACION, DISTRIBUCION, ETC. (PIE DE IMPRENTA)
Nombre del editor, distribuidor, etc. Museo Cívico di Storia Naturale "G. Doria"
Lugar de publicación, distribución, etc. Italia
942 ## - ELEMENTOS ADICIONALES (KOHA)
Tipo de ítem Periodica o revista
Existencias
Withdrawn status Lost status Damaged status No para préstamo Colección Fecha publicación (Año) Volumen revista Número revista Ubicación Permanente Ubicación actual Fecha de adquisición Fuente de Valor Total Checkouts Número topográfico Inventario / Código de Barras Date last seen Ejemplar Price effective from Forma de adquisición Tipo de material
        Hemeroteca 1988 6 262 Villa de Leyva Villa de Leyva 16/03/2001 Desconocido   SERIADAS 01087 007364 25/03/2015 1 25/03/2015   Periodica o revista
        Hemeroteca 1990 6 272 Villa de Leyva Villa de Leyva 16/03/2001 Desconocido   SERIADAS 01087 007365 25/03/2015 1 25/03/2015   Periodica o revista
        Hemeroteca 1994 6 283 Villa de Leyva Villa de Leyva 16/03/2001 Desconocido   SERIADAS 01087 007366 25/03/2015 1 25/03/2015   Periodica o revista
        Hemeroteca 1997 6 300 Villa de Leyva Villa de Leyva 16/03/2001 Desconocido   SERIADAS 01087 007367 25/03/2015 1 25/03/2015   Periodica o revista